[Event "CP-2011-P-00013"]
[Site "LSS email"]
[Date "2011.09.30"]
[Round "?"]
[White "Frijling, Jeroen"]
[Black "Mendeleev, Aleksandr"]
[Result "0-1"]
[WhiteElo "2115"]
[BlackElo "1894"]
[PlyCount "118"]
[EventDate "2011.10.01"]
[EventType "tourn (corr)"]
[EventRounds "6"]
[EventCountry "GER"]
[SourceTitle "Telechess CBM 153"]
[Source "ChessBase"]
[SourceDate "2013.03.14"]
[SourceVersion "1"]
[SourceVersionDate "2013.03.14"]
[SourceQuality "1"]

1. d4 d5 2. c4 c6 3. Nf3 Nf6 4. Nc3 e6 5. Bg5 h6 6. Bh4 dxc4 7. e4 g5 8. Bg3 b5 9. Be2 b4 10. Na4 Nxe4 11. Be5 Nf6 12. Nc5 c3 13. bxc3 bxc3 14. 0-0 g4 15. Ne1 Bxc5 16. dxc5 Qxd1 17. Rxd1 Ke7 18. f3 Rg8 19. Bxf6+ Kxf6 20. fxg4+ Ke7 21. Rc1 Nd7 22. Rxc3 Rb8 23. Nc2 Rb2 24. Nd4 Ne5 25. Re3 Rd8 26. Rf4 f6 27. Bf3 Rb1+ 28. Kf2 Rc1 29. Rxe5 fxe5 30. Nxc6+ Ke8 31. Nxe5 Rxc5 32. Ng6 e5 33. Rf8+ Kd7 34. Rf6 Kc7 35. h4 a5 36. Ke3 Rc3+ 37. Kf2 Rd2+ 38. Kg1 Rxa2 39. Rf7+ Kd6 40. Rf6+ Kc5 41. Rc6+ Kd4 42. Rd6+ Ke3 43. Rd1 a4 44. h5 Rc7 45. Re1+ Kd4 46. Re4+ Kc3 47. Re3+ Kb4 48. Re4+ Rc4 49. g5 Rxe4 50. Bxe4 Rd2 51. gxh6 Rd7 52. Nxe5 a3 53. Bb1 Rh7 54. Bxh7 a2 55. Nd3+ Kc3 56. Kh2 a1Q 57. Bg6 Kd2 58. h7 Ke3 59. h6 Qd4 0-1

[Event "CP-2011-P-00013"]
[Site "LSS email"]
[Date "2011.09.30"]
[Round "?"]
[White "Mendeleev, Aleksandr"]
[Black "Volkov, Aleksandr Valentovi"]
[Result "1/2-1/2"]
[WhiteElo "1894"]
[BlackElo "2169"]
[PlyCount "73"]
[EventDate "2011.10.01"]
[EventType "tourn (corr)"]
[EventRounds "6"]
[EventCountry "GER"]
[SourceTitle "Telechess CBM 153"]
[Source "ChessBase"]
[SourceDate "2013.03.14"]
[SourceVersion "1"]
[SourceVersionDate "2013.03.14"]
[SourceQuality "1"]

1. d4 Nf6 2. c4 g6 3. g3 Bg7 4. Bg2 0-0 5. Nc3 d6 6. Nf3 Nbd7 7. 0-0 c5 8. h3 a6 9. Be3 Rb8 10. dxc5 Nxc5 11. Nd4 Bd7 12. Rc1 Ne6 13. Qd2 b5 14. cxb5 axb5 15. Nb3 b4 16. Nd5 Nxd5 17. Bxd5 Bc8 18. Bh6 Qb6 19. Bxg7 Nxg7 20. Kg2 Bb7 21. e4 Bxd5 22. exd5 Qb5 23. Rfe1 Rb7 24. Re4 Nh5 25. Rcc4 Nf6 26. Rxb4 Qa6 27. Rxb7 Qxb7 28. Rd4 Nxd5 29. Kh2 Nf6 30. Na5 Qf3 31. Qc2 Kg7 32. Nc6 Rc8 33. Rc4 d5 34. Rc3 Rxc6 35. Rxc6 d4 36. Rc4 d3 37. Qd2 1/2-1/2

[Event "RC-2011-0-00080"]
[Site "LSS email"]
[Date "2011.09.14"]
[Round "?"]
[White "Herman, Monika"]
[Black "Mendeleev, Aleksandr"]
[Result "0-1"]
[WhiteElo "1476"]
[BlackElo "1893"]
[PlyCount "64"]
[EventDate "2011.08.02"]
[EventType "tourn (corr)"]
[EventRounds "6"]
[EventCountry "GER"]
[SourceTitle "Telechess CBM 157"]
[Source "ChessBase"]
[SourceDate "2013.11.12"]
[SourceVersion "1"]
[SourceVersionDate "2013.11.12"]
[SourceQuality "1"]

1. e4 c6 2. d4 d5 3. Nc3 dxe4 4. Nxe4 Bf5 5. Ng3 Bg6 6. h4 h6 7. h5 Bh7 8. Nf3 Nf6 9. Bd3 Bxd3 10. Qxd3 e6 11. Bd2 Nbd7 12. c4 Qc7 13. 0-0-0 Be7 14. Ne4 Rd8 15. g3 0-0 16. Bf4 Qb6 17. Kb1 c5 18. d5 exd5 19. cxd5 Nxe4 20. Qxe4 Rfe8 21. Rhe1 Bf6 22. Qxe8+ Rxe8 23. Rxe8+ Kh7 24. Be5 Nxe5 25. Nxe5 Qb5 26. Rf8 Qe2 27. Kc1 Qxe5 28. Rd2 Qe1+ 29. Kc2 Bxb2 30. d6 c4 31. Rd1 Qc3+ 32. Kb1 Ba3 0-1

[Event "RC-2011-0-00080"]
[Site "LSS email"]
[Date "2011.09.14"]
[Round "?"]
[White "Mendeleev, Aleksandr"]
[Black "Cimicki, Dariusz"]
[Result "1/2-1/2"]
[WhiteElo "1893"]
[BlackElo "2014"]
[PlyCount "48"]
[EventDate "2011.08.02"]
[EventType "tourn (corr)"]
[EventRounds "6"]
[EventCountry "GER"]
[SourceTitle "Telechess CBM 157"]
[Source "ChessBase"]
[SourceDate "2013.11.12"]
[SourceVersion "1"]
[SourceVersionDate "2013.11.12"]
[SourceQuality "1"]

1. d4 d5 2. c4 c6 3. Nf3 e6 4. Nc3 dxc4 5. a4 Bb4 6. e3 b5 7. Bd2 a5 8. axb5 Bxc3 9. Bxc3 cxb5 10. b3 Bb7 11. Bb2 Nf6 12. bxc4 b4 13. Bd3 Nbd7 14. 0-0 0-0 15. Nd2 h6 16. f3 Qc7 17. Rf2 Rfd8 18. Bc2 e5 19. d5 Nb6 20. Rc1 a4 21. f4 b3 22. Bxb3 axb3 23. Bxe5 Qe7 24. Qxb3 Nxc4 1/2-1/2